[Event "4NCL/Div2/WRO1 vs. 3CS1"]
[Site "Telford ENG"]
[Date "2003.04.13"]
[Round "8.5"]
[White "Taylor, Robert K"]
[Black "Longson, Alexander"]
[Result "1-0"]
[WhiteElo "2211"]
[BlackElo "2202"]
[PlyCount "75"]
[EventDate "2003.04.13"]

1. e4 c5 2. Nf3 d6 3. d4 cxd4 4. Qxd4 Nc6 5. Bb5 Bd7 6. Bxc6 Bxc6 7. Nc3 Nf6 8.
Bg5 e6 9. O-O Be7 10. Rad1 O-O 11. Bh4 Qc7 12. Rfe1 Rfd8 13. Bg3 Nh5 14. Qe3
Nxg3 15. hxg3 Bf8 16. Ne2 Be8 17. Rd2 Qc5 18. Nfd4 Rac8 19. Red1 g6 20. c3 Be7
21. Kh2 Qh5+ 22. Kg1 Qc5 23. Kh2 b5 24. Nc1 a5 25. Ncb3 Qc7 26. Nc2 Ra8 27. a3
Qb7 28. Nc1 f6 29. Ne2 e5 30. g4 Bc6 31. f3 d5 32. Ng3 Rd7 33. exd5 Bxd5 34. g5
f5 35. Qxe5 Rad8 36. Ne3 Bb3 37. Nexf5 gxf5 38. Nh5 1-0

[Event "4NCL/Div2/WRO1 vs. 3CS1"]
[Site "Telford ENG"]
[Date "2003.04.13"]
[Round "8.6"]
[White "Ashton, Adam G"]
[Black "Barrett, Steve J"]
[Result "1/2-1/2"]
[WhiteElo "2197"]
[BlackElo "2140"]
[PlyCount "93"]
[EventDate "2003.04.13"]

1. e4 c5 2. Nf3 e6 3. d4 cxd4 4. Nxd4 Nf6 5. Nc3 d6 6. Be3 a6 7. Be2 Nc6 8. O-O
Bd7 9. a4 Be7 10. Nb3 Na5 11. f4 Nxb3 12. cxb3 Bc6 13. Bf3 d5 14. e5 Ne4 15.
Bxe4 dxe4 16. Qe2 Qa5 17. Rad1 O-O 18. Qf2 Qb4 19. Rd4 Qxb3 20. Nxe4 Bxe4 21.
Rxe4 Rac8 22. f5 Rc2 23. Qf3 exf5 24. Qxf5 Rxb2 25. h3 Rb1 26. Rxb1 Qxb1+ 27.
Kh2 Qd3 28. Qf3 Qd5 29. Qf4 Qe6 30. Qf3 Rd8 31. Bf4 Qc6 32. Qe2 Qe6 33. Bg3 g6
34. Qb2 Qc6 35. Qe2 Qc1 36. Rc4 Qb1 37. e6 f6 38. Bf4 Rd1 39. Rc8+ Kg7 40. Rc7
Rh1+ 41. Kg3 Qb3+ 42. Qe3 Qxe3+ 43. Bxe3 Kf8 44. Rc8+ Kg7 45. Rc7 Kf8 46. Rc8+
Kg7 47. Rc7 1/2-1/2

[Event "4NCL/Div2/WRO1 vs. 3CS1"]
[Site "Telford ENG"]
[Date "2003.04.13"]
[Round "8.7"]
[White "Burnett, Jim"]
[Black "Gordon, Stephen J"]
[Result "1-0"]
[WhiteElo "2187"]
[BlackElo "2189"]
[PlyCount "91"]
[EventDate "2003.04.13"]

1. d4 Nf6 2. c4 e6 3. Nf3 Bb4+ 4. Bd2 Qe7 5. Nc3 Bxc3 6. Bxc3 Ne4 7. Qc2 f5 8.
g3 Nc6 9. Bg2 d6 10. O-O O-O 11. d5 Nd8 12. dxe6 Nxe6 13. e3 Bd7 14. Nd4 Nxd4
15. Bxd4 c5 16. Bc3 Bc6 17. Rad1 Rad8 18. b3 Qe6 19. Ba1 Qh6 20. f4 Qe6 21.
Rfe1 Rd7 22. Bf3 b5 23. cxb5 Bxb5 24. g4 Bc6 25. Qg2 Re7 26. gxf5 Qxf5 27. Rxd6
Nxd6 28. Bxc6 Ne4 29. Be5 Ng5 30. h4 Nh3+ 31. Kh2 Nf2 32. Rg1 Rd8 33. Bd5+ Kf8
34. Bxg7+ Ke8 35. Bc6+ Kf7 36. Qxf2 Rd6 37. Bb5 Rg6 38. Rxg6 hxg6 39. Bc3 Qg4
40. Be5 Qf5 41. Qg2 Rxe5 42. fxe5 Qxe5+ 43. Kg1 Kg7 44. Qf2 Qe4 45. Bc4 Qg4+
46. Kh2 1-0

[Event "4NCL/Div2/WRO1 vs. 3CS1"]
[Site "Telford ENG"]
[Date "2003.04.13"]
[Round "8.8"]
[White "Kosteniuk, Oxana"]
[Black "Keeling, Karen"]
[Result "1-0"]
[WhiteElo "2184"]
[BlackElo "1971"]
[PlyCount "61"]
[EventDate "2003.04.13"]

1. e4 c6 2. d4 d5 3. exd5 cxd5 4. c4 Nf6 5. Nc3 e6 6. Bg5 Be7 7. c5 O-O 8. Nf3
b6 9. b4 a5 10. a3 axb4 11. axb4 Bb7 12. Rxa8 Bxa8 13. Qa4 Ne4 14. Bxe7 Nxc3
15. Qa7 Nc6 16. Bxd8 Nxa7 17. Bxb6 Nc8 18. Ba5 Na7 19. Bd3 Nc6 20. O-O Rb8 21.
Ra1 Nb5 22. Bb6 Nbxd4 23. Nxd4 Nxd4 24. b5 e5 25. c6 Nb3 26. Ra3 Nd2 27. Ba7
Re8 28. Bf5 Nc4 29. Ra1 Nd6 30. Bd7 Rf8 31. Bc5 1-0

[Event "4NCL/Div2/NWE1 vs. KHE"]
[Site "Telford ENG"]
[Date "2003.04.13"]
[Round "8.1"]
[White "Hanley, Craig A"]
[Black "Pigott, John C"]
[Result "1/2-1/2"]
[WhiteElo "2375"]
[BlackElo "2382"]
[PlyCount "77"]
[EventDate "2003.04.13"]

1. e4 c5 2. c3 Nf6 3. e5 Nd5 4. Nf3 Nc6 5. Bc4 Nb6 6. Bb3 g6 7. d4 cxd4 8. Ng5
d5 9. exd6 e6 10. Qf3 Ne5 11. Qe4 Bg7 12. cxd4 Nec4 13. O-O Nxd6 14. Qe2 Nf5
15. Rd1 Nxd4 16. Qe4 O-O 17. Nc3 Qf6 18. Be3 Nf5 19. Bxb6 Qxg5 20. Bc5 Rd8 21.
f4 Qf6 22. Qa4 Bf8 23. Bxf8 Rxf8 24. g4 Ne3 25. g5 Qf5 26. Re1 Qg4+ 27. Kf2 Bd7
28. Qxd7 Qxf4+ 29. Ke2 Rad8 30. Qxb7 Nf5 31. Red1 Qxh2+ 32. Ke1 Qh4+ 33. Ke2
Qh2+ 34. Ke1 Qg1+ 35. Ke2 Qe3+ 36. Kf1 Qf4+ 37. Ke1 Qg3+ 38. Ke2 Qh2+ 39. Ke1
1/2-1/2

[Event "4NCL/Div2/NWE1 vs. KHE"]
[Site "Telford ENG"]
[Date "2003.04.13"]
[Round "8.2"]
[White "Berry, Stephen H"]
[Black "Crouch, Colin S"]
[Result "1/2-1/2"]
[WhiteElo "2335"]
[BlackElo "2380"]
[PlyCount "92"]
[EventDate "2003.04.13"]

1. e4 Nf6 2. e5 Nd5 3. d4 d6 4. c4 Nb6 5. exd6 exd6 6. Nc3 Be7 7. Nf3 O-O 8.
Be2 Bg4 9. O-O c5 10. Be3 Nc6 11. d5 Bxf3 12. Bxf3 Ne5 13. b3 f5 14. g3 Bg5 15.
Bxg5 Qxg5 16. Bg2 f4 17. Ne4 Qh6 18. Qd2 g5 19. Rae1 Nbd7 20. f3 Rad8 21. Rf2
Qg6 22. Qe2 h5 23. Kh1 fxg3 24. hxg3 Rf7 25. Bh3 g4 26. f4 gxh3 27. fxe5 Rxf2
28. Nxf2 Nxe5 29. Nxh3 Rd7 30. Nf4 Qf5 31. Kg2 Rh7 32. Qe4 Qxe4+ 33. Rxe4 h4
34. Nh3 hxg3 35. Re3 Rg7 36. Nf4 Kf7 37. Ne6 Rg8 38. Nxc5 Nxc4 39. bxc4 dxc5
40. Rxg3 Re8 41. Rf3+ Kg6 42. Ra3 Re4 43. Rxa7 Rxc4 44. Rxb7 Rc2+ 45. Kf3 Rxa2
46. Kf4 Kf6 1/2-1/2

[Event "4NCL/Div2/NWE1 vs. KHE"]
[Site "Telford ENG"]
[Date "2003.04.13"]
[Round "8.3"]
[White "Quillan, Gary"]
[Black "McMichael, Richard"]
[Result "0-1"]
[WhiteElo "2305"]
[BlackElo "2294"]
[PlyCount "104"]
[EventDate "2003.04.13"]

1. e4 e6 2. d4 d5 3. e5 Bd7 4. Nc3 c5 5. dxc5 Nc6 6. Nf3 Bxc5 7. Bd3 a6 8. O-O
Nge7 9. Bf4 Ng6 10. Bg3 O-O 11. a3 Rc8 12. Qd2 Ba7 13. Rae1 Na5 14. b3 Nc6 15.
Ne2 b5 16. Nf4 Qa5 17. Qd1 Qd8 18. Nh5 Nce7 19. Re2 Bc5 20. Qd2 Bxa3 21. Ra1
Bb2 22. Rxa6 Bc3 23. Qe3 d4 24. Qg5 Nd5 25. Qg4 Ra8 26. Rxa8 Qxa8 27. h3 Nb4
28. Be4 Bc6 29. Ng5 d3 30. cxd3 Qa1+ 31. Kh2 Bxe4 32. Qxe4 Nd5 33. Nf4 Ndxf4
34. Bxf4 Qd1 35. Bg3 h6 36. Nf3 Qxb3 37. h4 Ne7 38. Bf4 Qd5 39. Bd2 b4 40. Bxc3
bxc3 41. Rc2 Rc8 42. Nd4 Qc5 43. f4 Rb8 44. Ra2 Qd5 45. Ra7 Qc5 46. Ra8 Rxa8
47. Qxa8+ Kh7 48. Qe4+ g6 49. Ne2 c2 50. Qc4 Qf2 51. Qxc2 Nf5 52. Qb2 Kg7 0-1

[Event "4NCL/Div2/NWE1 vs. KHE"]
[Site "Telford ENG"]
[Date "2003.04.13"]
[Round "8.4"]
[White "Thomas, Richard H"]
[Black "Lund, D Brett"]
[Result "1/2-1/2"]
[WhiteElo "2204"]
[BlackElo "2255"]
[PlyCount "144"]
[EventDate "2003.04.13"]

1. d4 c5 2. e3 Nf6 3. Nf3 b6 4. Nbd2 g6 5. b3 Bg7 6. Bb2 O-O 7. Bd3 Bb7 8. O-O
Nc6 9. a3 d6 10. Re1 Re8 11. Qe2 e5 12. dxe5 dxe5 13. Red1 Qc7 14. Ng5 h6 15.
Nge4 Nd5 16. Bc4 Nce7 17. Nc3 Nxc3 18. Bxc3 a6 19. a4 Nf5 20. Nf1 Nd4 21. exd4
exd4 22. Qg4 Re4 23. Qxg6 dxc3 24. Qd6 Rc8 25. Qxc7 Rxc7 26. Rd8+ Bf8 27. Rad1
Rd4 28. R1xd4 cxd4 29. Rxd4 Bc5 30. Rd8+ Kg7 31. Ng3 Kf6 32. Kf1 Ke5 33. Ne2
Bb4 34. Re8+ Kf6 35. Re3 Rc5 36. Ng3 b5 37. axb5 axb5 38. Bd3 Rd5 39. Ne4+ Kg7
40. Rg3+ Kf8 41. Be2 Bc6 42. Nxc3 Rc5 43. Na2 Bd2 44. c3 Bf4 45. Rg4 Bxh2 46.
g3 Rf5 47. Nb4 Bb7 48. Bd3 Rf6 49. Bxb5 h5 50. Rf4 Rxf4 51. gxf4 Bxf4 52. Bc6
Bc8 53. Nd3 Bc7 54. Be4 Be6 55. c4 Ke7 56. Kg2 h4 57. f4 Bg4 58. Nb4 Kd7 59.
Nd5 Bd8 60. b4 Bd1 61. c5 Bb3 62. Ne3 Bf6 63. Bd5 Bd4 64. Bxb3 Bxe3 65. Kf3 Bd2
66. b5 h3 67. Bd5 h2 68. Kg3 Be3 69. c6+ Kc7 70. f5 f6 71. Kxh2 Bf4+ 72. Kg2
Be5 1/2-1/2

[Event "4NCL/Div2/NWE1 vs. KHE"]
[Site "Telford ENG"]
[Date "2003.04.13"]
[Round "8.5"]
[White "Kennaugh, Charles W"]
[Black "Mackenzie, Colin"]
[Result "1-0"]
[WhiteElo "2290"]
[BlackElo "2155"]
[PlyCount "81"]
[EventDate "2003.04.13"]

1. e4 e6 2. Qe2 c5 3. b3 Nc6 4. Bb2 e5 5. f4 Nd4 6. Qd3 d5 7. Na3 Bd6 8. fxe5
Bxe5 9. c3 Qh4+ 10. g3 Bxg3+ 11. Qxg3 Qxe4+ 12. Qe3 Qxe3+ 13. dxe3 Nf5 14. Nb5
Kd8 15. O-O-O Nxe3 16. Re1 Nxf1 17. Nd6 Be6 18. Nxb7+ Kc7 19. Nxc5 Nf6 20. Rxf1
Rhe8 21. Nf3 Bh3 22. Rf2 Ng4 23. Rd2 f6 24. Rg1 Ne3 25. Rxg7+ Kc6 26. Ba3 Nf5
27. Rxh7 Bg4 28. Nd4+ Nxd4 29. cxd4 Re1+ 30. Kb2 Bf5 31. Rf7 Kb5 32. Rxf6 Rb1+
33. Kc3 Be4 34. Nxe4 dxe4 35. Rdf2 Rc8+ 36. Kd2 Rc6 37. R2f5+ Kb6 38. d5 Rxf6
39. Rxf6+ Kc7 40. Rf7+ Kd8 41. Rxa7 1-0

[Event "4NCL/Div2/NWE1 vs. KHE"]
[Site "Telford ENG"]
[Date "2003.04.13"]
[Round "8.6"]
[White "Grigoryan, Meri"]
[Black "Hague, Ben"]
[Result "0-1"]
[WhiteElo "2023"]
[BlackElo "2233"]
[PlyCount "46"]
[EventDate "2003.04.13"]

1. e4 e6 2. d4 d5 3. Nc3 Nf6 4. Bg5 Be7 5. Bxf6 Bxf6 6. e5 Be7 7. Qg4 g6 8. h4
h5 9. Qg3 a6 10. Bd3 c5 11. dxc5 Bxc5 12. Nge2 Nc6 13. Bxg6 fxg6 14. Qxg6+ Kd7
15. Na4 Qa5+ 16. Nec3 Kc7 17. O-O-O Bd7 18. f4 Ne7 19. Qf7 Raf8 20. Qg7 Bxa4
21. Kb1 Kb8 22. a3 Rhg8 23. Qh7 Rxg2 0-1

[Event "4NCL/Div2/NWE1 vs. KHE"]
[Site "Telford ENG"]
[Date "2003.04.13"]
[Round "8.7"]
[White "Mulligan, Stephen"]
[Black "McVicar, John"]
[Result "1-0"]
[WhiteElo "2162"]
[BlackElo "2085"]
[PlyCount "75"]
[EventDate "2003.04.13"]

1. d4 Nf6 2. Nf3 g6 3. g3 Bg7 4. Bg2 O-O 5. O-O d6 6. c4 c6 7. Nc3 Qa5 8. h3
Qb4 9. Qd3 Qb6 10. b3 Qc7 11. e4 e5 12. Bb2 exd4 13. Nxd4 Nbd7 14. Rad1 Nc5 15.
Qd2 a5 16. Rfe1 Be6 17. Nxe6 Nxe6 18. Qxd6 Qb6 19. Nd5 Nxd5 20. exd5 Rad8 21.
Qa3 Bxb2 22. Qxb2 cxd5 23. Bxd5 Nc7 24. Qe2 Rde8 25. Qf3 Nxd5 26. cxd5 Qd6 27.
Qd3 Rd8 28. a4 Rd7 29. Re2 Rfd8 30. Red2 b6 31. Qd4 Rc7 32. Re2 Rc5 33. Red2 h5
34. h4 Kf8 35. Re2 Kg8 36. Red2 Kf8 37. Kg2 Re8 38. Qh8+ 1-0

[Event "4NCL/Div2/NWE1 vs. KHE"]
[Site "Telford ENG"]
[Date "2003.04.13"]
[Round "8.8"]
[White "Bass, John"]
[Black "Griffiths, Kathy"]
[Result "1/2-1/2"]
[WhiteElo "2045"]
[BlackElo "2064"]
[PlyCount "58"]
[EventDate "2003.04.13"]

1. d4 Nf6 2. Nf3 g6 3. c4 Bg7 4. Nc3 d6 5. Bg5 h6 6. Bh4 O-O 7. e3 Nbd7 8. Be2
c5 9. O-O Nh7 10. h3 g5 11. Bg3 f5 12. Qd2 a6 13. d5 Qe8 14. Ne1 Nhf6 15. Nd3
Qg6 16. a3 b6 17. Rae1 h5 18. h4 Ne4 19. Nxe4 fxe4 20. Nc1 g4 21. b4 Be5 22.
Nb3 Qf6 23. Qc2 Qg6 24. Nd2 Bxg3 25. fxg3 Nf6 26. Rf4 Bf5 27. Ref1 Nd7 28. Qc3
Ne5 29. Rb1 Rab8 1/2-1/2

[Event "4NCL/Div2/BAR3 vs. AD2"]
[Site "Telford ENG"]
[Date "2003.04.13"]
[Round "8.1"]
[White "Mack, Andrew"]
[Black "Wheeler, Darren P"]
[Result "1/2-1/2"]
[WhiteElo "2272"]
[BlackElo "2244"]
[PlyCount "29"]
[EventDate "2003.04.13"]

1. e4 e6 2. d4 d5 3. exd5 exd5 4. Nf3 Bd6 5. c4 c6 6. Nc3 Ne7 7. Bd3 h6 8. O-O
dxc4 9. Bxc4 O-O 10. Re1 Nd7 11. Ne5 Nxe5 12. dxe5 Bb4 13. Qb3 Bxc3 14. Qxc3
Be6 15. Bf4 1/2-1/2

[Event "4NCL/Div2/BAR3 vs. AD2"]
[Site "Telford ENG"]
[Date "2003.04.13"]
[Round "8.2"]
[White "Graham, David B"]
[Black "Taylor, Peter"]
[Result "1-0"]
[WhiteElo "2233"]
[BlackElo "2249"]
[PlyCount "131"]
[EventDate "2003.04.13"]

1. e4 c6 2. d4 d5 3. e5 c5 4. dxc5 e6 5. Bd3 Nd7 6. Nf3 Nxc5 7. O-O Ne7 8. Nc3
Nxd3 9. Qxd3 Nc6 10. Bf4 Be7 11. Rad1 a6 12. Ne2 Qc7 13. c3 Bd7 14. Rfe1 Rc8
15. Bg3 Qa5 16. Qb1 b5 17. Nf4 h5 18. h4 Qd8 19. Nxd5 exd5 20. Rxd5 Qb6 21.
Rxd7 Kxd7 22. e6+ fxe6 23. Qd3+ Ke8 24. Qg6+ Kf8 25. Be5 Nxe5 26. Nxe5 Kg8 27.
Qf7+ Kh7 28. Qxh5+ Kg8 29. Qf7+ Kh7 30. Qxe7 Rc7 31. Nd7 Qc6 32. Rd1 Rhc8 33.
Rd6 Qc4 34. Rxe6 Qxa2 35. Nf6+ Kg6 36. h5+ Kh6 37. Nd5+ Kh7 38. Nf6+ Kh6 39.
Ne8+ Kh7 40. Nxc7 Rxc7 41. Qe8 Qb1+ 42. Kh2 b4 43. Qg6+ Qxg6 44. hxg6+ Kh6 45.
cxb4 Rc2 46. b3 Rxf2 47. Rxa6 Rb2 48. Ra3 Rd2 49. b5 Rd5 50. Ra5 Rd3 51. b4 Rd4
52. Ra4 Rd5 53. Ra2 Rxb5 54. Rb2 Kxg6 55. Kg3 Kf5 56. Kf3 g5 57. g4+ Ke5 58.
Ke3 Kd5 59. Kd3 Rb7 60. b5 Kc5 61. Ke4 Kb6 62. Kf5 Rg7 63. Kf6 Rg8 64. Rb1 Kb7
65. b6 Kb8 66. b7 1-0

[Event "4NCL/Div2/BAR3 vs. AD2"]
[Site "Telford ENG"]
[Date "2003.04.13"]
[Round "8.3"]
[White "Roberts, Paul"]
[Black "Gunter, David WW"]
[Result "1/2-1/2"]
[WhiteElo "2211"]
[BlackElo "2210"]
[PlyCount "112"]
[EventDate "2003.04.13"]

1. Nf3 e6 2. g3 d5 3. Bg2 c5 4. d3 Nc6 5. Nbd2 Nf6 6. e4 Be7 7. O-O b6 8. Re1
Bb7 9. c3 Qc7 10. a3 b5 11. Qe2 a5 12. e5 Nd7 13. c4 bxc4 14. dxc4 Nb6 15. cxd5
Nxd5 16. Ne4 O-O 17. Nc3 Nxc3 18. bxc3 Rfd8 19. Rb1 Ba6 20. c4 Rab8 21. Rxb8
Qxb8 22. Qe4 Nd4 23. Ng5 Bxg5 24. Bxg5 Re8 25. Qg4 Qb2 26. Be4 Qc3 27. Rd1 Qb2
28. Re1 Qc3 29. Rb1 Qxc4 30. Bh6 g6 31. Kg2 Ne2 32. f3 Nc3 33. Re1 Nxe4 34.
fxe4 Qc3 35. Qd1 Qxe5 36. Qd7 Rb8 37. Qc6 Qh5 38. Rb1 Qe2+ 39. Kh3 Qh5+ 40. Kg2
Rd8 41. Qd6 Qe2+ 42. Kg1 Qf1+ 43. Rxf1 Rxd6 44. Rb1 Rd8 45. Rb6 Bd3 46. e5 c4
47. Rc6 a4 48. Kf2 f6 49. exf6 Kf7 50. Bg7 Rd7 51. h4 h5 52. Rc8 e5 53. Rf8+
Ke6 54. Re8+ Kf7 55. Rf8+ Ke6 56. Re8+ Kf7 1/2-1/2

[Event "4NCL/Div2/BAR3 vs. AD2"]
[Site "Telford ENG"]
[Date "2003.04.13"]
[Round "8.4"]
[White "Churm, Rohan M"]
[Black "Ozeren, Kemal"]
[Result "1/2-1/2"]
[WhiteElo "2164"]
[BlackElo "2160"]
[PlyCount "31"]
[EventDate "2003.04.13"]

1. d4 c6 2. c4 d5 3. Nf3 Nf6 4. e3 a6 5. Nc3 b5 6. cxd5 cxd5 7. Be2 Nc6 8. Ne5
Bb7 9. f4 b4 10. Nb1 e6 11. O-O Be7 12. Nd2 O-O 13. b3 Ne4 14. Nxe4 dxe4 15.
Nc4 f5 16. Bb2 1/2-1/2

[Event "4NCL/Div2/BAR3 vs. AD2"]
[Site "Telford ENG"]
[Date "2003.04.13"]
[Round "8.5"]
[White "Smallbone, Kieran"]
[Black "Beveridge, Nigel"]
[Result "1/2-1/2"]
[WhiteElo "2156"]
[BlackElo "2133"]
[PlyCount "109"]
[EventDate "2003.04.13"]

1. e4 c5 2. Nf3 e6 3. d3 Nc6 4. g3 d5 5. Nbd2 Nf6 6. Bg2 Be7 7. O-O O-O 8. Re1
b5 9. e5 Ne8 10. c4 bxc4 11. dxc4 Nc7 12. a3 Rb8 13. Qc2 f6 14. exf6 Rxf6 15.
Nb3 Qf8 16. Ne5 Nxe5 17. Rxe5 Bd7 18. Na5 Bd6 19. Re1 Rb6 20. f4 Qb8 21. b4
cxb4 22. c5 b3 23. Nxb3 Rxb3 24. cxd6 Ne8 25. Be3 Nxd6 26. Rab1 Ba4 27. Rxb3
Qxb3 28. Qxb3 Bxb3 29. Bxa7 Nb5 30. Bc5 d4 31. Bf1 Rf5 32. Re5 Rxe5 33. fxe5
Ba4 34. Bc4 Kf7 35. Kf2 Nc3 36. Bxd4 Nd5 37. Ke2 Ke7 38. Bc5+ Kd7 39. Bf8 g6
40. Kd3 Kc6 41. Kd4 Nc7 42. Bb4 Bc2 43. Kc3 Bd1 44. Bb3 Nd5+ 45. Kb2 Bxb3 46.
Kxb3 Ne3 47. Kc3 Ng4 48. Kd4 Nxh2 49. Ke4 h5 50. Kf4 Nf1 51. Be1 Kd5 52. a4 g5+
53. Kxg5 Kxe5 54. a5 Kd5 55. Kxh5 1/2-1/2

[Event "4NCL/Div2/BAR3 vs. AD2"]
[Site "Telford ENG"]
[Date "2003.04.13"]
[Round "8.6"]
[White "Westwood, Richard D"]
[Black "Flower, David"]
[Result "0-1"]
[WhiteElo "2022"]
[BlackElo "2128"]
[PlyCount "54"]
[EventDate "2003.04.13"]

1. e4 d6 2. d4 g6 3. Nf3 Bg7 4. Bc4 c6 5. c3 Nf6 6. Bd3 O-O 7. Bg5 Nbd7 8. O-O
h6 9. Be3 e5 10. dxe5 dxe5 11. Qc1 Kh7 12. c4 Qe7 13. Nc3 Nc5 14. Bc2 Bg4 15.
Nd2 Be6 16. f3 Rfd8 17. b3 Nh5 18. Qa3 Bf8 19. Rad1 b6 20. Na4 Nxa4 21. Qxa4
Nf4 22. Kh1 Nd3 23. Bxd3 Rxd3 24. Bxb6 Qb4 25. Qa5 Qxb6 26. Qxe5 Rad8 27. Qb2
Bb4 0-1

[Event "4NCL/Div2/BAR3 vs. AD2"]
[Site "Telford ENG"]
[Date "2003.04.13"]
[Round "8.7"]
[White "Williamson, Paul L"]
[Black "Pritchard, David"]
[Result "1/2-1/2"]
[WhiteElo "2149"]
[BlackElo "1768"]
[PlyCount "68"]
[EventDate "2003.04.13"]

1. d4 g6 2. c4 Bg7 3. Nc3 c5 4. d5 Bxc3+ 5. bxc3 f5 6. f3 Nf6 7. Nh3 d6 8. Bh6
Nbd7 9. Qa4 b5 10. Qxb5 Rb8 11. Qa4 Qb6 12. Nf2 Kf7 13. e4 Ne5 14. Bf4 Bd7 15.
Qc2 Qb2 16. Qxb2 Rxb2 17. Bxe5 dxe5 18. Nd3 Rc2 19. Nxe5+ Kg7 20. Nxd7 Nxd7 21.
exf5 Rb8 22. fxg6 hxg6 23. h4 Ne5 24. h5 Rbb2 25. hxg6 Nxg6 26. Rh3 Rd2 27. Rg3
Kf6 28. Rg4 Kf5 29. Re4 Nf4 30. g4+ Kg5 31. Rxe7 Ng2+ 32. Bxg2 Rxg2 33. Kd1
Rg1+ 34. Re1 Rgg2 1/2-1/2

[Event "4NCL/Div2/BAR3 vs. AD2"]
[Site "Telford ENG"]
[Date "2003.04.13"]
[Round "8.8"]
[White "McIntosh, Doreen"]
[Black "Smith, Lucy"]
[Result "0-1"]
[WhiteElo "1344"]
[BlackElo "1560"]
[PlyCount "140"]
[EventDate "2003.04.13"]

1. d4 d5 2. c4 e6 3. Nc3 Nf6 4. e3 Be7 5. Nf3 O-O 6. Bd3 Re8 7. O-O h6 8. a3 c6
9. cxd5 exd5 10. Bd2 Bd6 11. Rc1 Ne4 12. Ne2 Bg4 13. Ne1 Qc7 14. Bxe4 dxe4 15.
h3 Bh5 16. Bc3 Qe7 17. Qd2 Bxe2 18. Qxe2 Nd7 19. Nc2 Nf6 20. Bb4 Nd5 21. Bxd6
Qxd6 22. f4 Rad8 23. Rf2 Qg6 24. Rcf1 Re7 25. g4 Rd6 26. Rg2 f6 27. h4 f5 28.
g5 h5 29. Na1 Qh7 30. Nb3 g6 31. Nd2 Nb6 32. Nc4 Nxc4 33. Qxc4+ Rd5 34. b4 Qf7
35. Qc1 Rb5 36. Qb2 a5 37. Ra1 Re8 38. Qc3 Ra8 39. Rb2 Qe7 40. Rab1 axb4 41.
axb4 Qe6 42. Qb3 Kf7 43. Kf1 Qxb3 44. Rxb3 Ke6 45. Rc3 Ra4 46. Rcb3 Kd5 47. Ke2
Kc4 48. Kd2 Ra2+ 49. R3b2 Rxb2+ 50. Rxb2 Rxb4 51. Rc2+ Kd5 52. Ke2 Ra4 53. Kf2
Kd6 54. Rc5 Ra2+ 55. Kg3 Ra3 56. Kf2 Ra2+ 57. Kg3 b5 58. Rc1 Re2 59. Rc3 Ra2
60. Kh3 Ra4 61. Kg3 Rc4 62. Rb3 b4 63. Kf2 c5 64. dxc5+ Kxc5 65. Ke2 Rc2+ 66.
Kf1 Rc3 67. Rxc3+ bxc3 68. Ke2 Kc4 69. Kd1 Kd3 70. Kc1 c2 0-1

[Event "4NCL/Div2/SWD2 vs. WWKS"]
[Site "Telford ENG"]
[Date "2003.04.13"]
[Round "8.1"]
[White "Morris, Charles F"]
[Black "Hynes, Anthony"]
[Result "1-0"]
[WhiteElo "2220"]
[BlackElo "2221"]
[PlyCount "119"]
[EventDate "2003.04.13"]

1. c4 Nf6 2. Nc3 g6 3. g3 Bg7 4. Bg2 O-O 5. d4 d6 6. Nf3 Nc6 7. d5 Na5 8. Nd2
c5 9. Qc2 e5 10. e4 Ne8 11. O-O f5 12. exf5 gxf5 13. f4 e4 14. b3 Nf6 15. Bb2
Ng4 16. Nd1 Bd4+ 17. Bxd4 cxd4 18. b4 Re8 19. bxa5 e3 20. Nb3 e2 21. Re1 exd1=Q
22. Qxd1 Rxe1+ 23. Qxe1 Bd7 24. Qd2 Qf6 25. Qxd4 Qxd4+ 26. Nxd4 Ne3 27. Rc1 Rc8
28. Bf1 b5 29. axb6 axb6 30. Rb1 Nxf1 31. Kxf1 Rxc4 32. Nb5 Rc5 33. Nxd6 Rxd5
34. Rxb6 Kf8 35. Rb8+ Kg7 36. Nc8 Bb5+ 37. Ke1 Kg6 38. Rb6+ Kg7 39. Rb7+ Kh6
40. Rb6+ Kg7 41. Ne7 Rc5 42. Rd6 Bc4 43. Rc6 Rxc6 44. Nxc6 Bxa2 45. Kd2 Kf6 46.
Kc3 Bd5 47. Nb4 Be4 48. Kd4 Bb1 49. Kd5 Be4+ 50. Kd6 Kg6 51. Nd5 Bd3 52. Ke5
Kh5 53. Ne3 Kg6 54. h3 h5 55. Ng2 Bf1 56. Nh4+ Kf7 57. Kxf5 Bxh3+ 58. Kg5 Bg4
59. f5 Be2 60. Ng6 1-0

[Event "4NCL/Div2/SWD2 vs. WWKS"]
[Site "Telford ENG"]
[Date "2003.04.13"]
[Round "8.2"]
[White "James, Russell A"]
[Black "Trevelyan, John"]
[Result "1/2-1/2"]
[WhiteElo "2202"]
[BlackElo "2191"]
[PlyCount "66"]
[EventDate "2003.04.13"]

1. e4 d6 2. d4 e5 3. Nf3 Nf6 4. Nc3 Nbd7 5. Bc4 Be7 6. O-O O-O 7. h3 c6 8. a4
h6 9. Re1 Nh7 10. Ne2 Ng5 11. Nxg5 Bxg5 12. c3 Bxc1 13. Rxc1 Qg5 14. Ng3 Nf6
15. Qf3 g6 16. Qe3 Qxe3 17. Rxe3 a5 18. Rf1 g5 19. dxe5 dxe5 20. Rd1 Re8 21.
Red3 Kf8 22. f3 Ke7 23. Kf2 h5 24. Nf1 Nd7 25. b3 Nb6 26. Ne3 Bd7 27. Rxd7+
Nxd7 28. Nf5+ Kd8 29. Bxf7 Rh8 30. Be6 Rh7 31. Bg8 Rh8 32. Be6 Rh7 33. Bg8 Rh8
1/2-1/2

[Event "4NCL/Div2/SWD2 vs. WWKS"]
[Site "Telford ENG"]
[Date "2003.04.13"]
[Round "8.3"]
[White "May, Frank"]
[Black "Mason, Don"]
[Result "1/2-1/2"]
[WhiteElo "2161"]
[BlackElo "2256"]
[PlyCount "52"]
[EventDate "2003.04.13"]

1. Nf3 Nf6 2. d4 g6 3. g3 Bg7 4. Bg2 O-O 5. O-O d6 6. Nc3 c6 7. e4 b5 8. e5 Ne8
9. Bf4 Nc7 10. exd6 exd6 11. Bg5 f6 12. Be3 b4 13. Ne2 Nd5 14. Bd2 Nd7 15. a3
bxa3 16. Rxa3 N7b6 17. b3 f5 18. Re1 Nf6 19. Bg5 h6 20. Bxf6 Qxf6 21. Nf4 Bd7
22. c4 g5 23. Nh5 Qf7 24. Nxg7 Qxg7 25. Qd2 f4 26. Rf1 g4 1/2-1/2

[Event "4NCL/Div2/SWD2 vs. WWKS"]
[Site "Telford ENG"]
[Date "2003.04.13"]
[Round "8.4"]
[White "Pitcher, John"]
[Black "Spice, Alan"]
[Result "1-0"]
[WhiteElo "2130"]
[BlackElo "2163"]
[PlyCount "43"]
[EventDate "2003.04.13"]

1. e4 e6 2. d4 d5 3. e5 c5 4. c3 Nc6 5. Nf3 Qb6 6. Be2 cxd4 7. cxd4 Bb4+ 8. Nc3
Nge7 9. O-O Nf5 10. Na4 Qd8 11. a3 Be7 12. b4 O-O 13. Bb2 Bd7 14. Nc5 b6 15.
Nxd7 Qxd7 16. Rc1 Rfc8 17. Ba6 Rc7 18. Qe2 Kf8 19. Rc2 Nb8 20. Rxc7 Qxc7 21.
Rc1 Qd7 22. Bc8 1-0

[Event "4NCL/Div2/SWD2 vs. WWKS"]
[Site "Telford ENG"]
[Date "2003.04.13"]
[Round "8.5"]
[White "Brown, Alan M"]
[Black "Wu, Li"]
[Result "1/2-1/2"]
[WhiteElo "2133"]
[BlackElo "2195"]
[PlyCount "68"]
[EventDate "2003.04.13"]

1. d4 Nf6 2. c4 g6 3. Nc3 Bg7 4. e4 O-O 5. Be2 d6 6. Bg5 Na6 7. f4 c6 8. Nf3
Nc7 9. e5 Nfe8 10. d5 cxd5 11. Nxd5 Nxd5 12. Qxd5 Nc7 13. Qd2 Ne6 14. Bh4 Bh6
15. Bg3 dxe5 16. Qxd8 Rxd8 17. fxe5 Nf4 18. Bxf4 Bxf4 19. O-O Be6 20. Rfd1
Rxd1+ 21. Rxd1 Rc8 22. b3 b5 23. cxb5 Rc2 24. Nd4 Rxa2 25. Nxe6 fxe6 26. Bc4
Bxe5 27. Bxe6+ Kg7 28. h3 Kf6 29. Bd5 Kg5 30. Rd3 h5 31. Kf1 h4 32. Bc6 Bg3 33.
Rf3 e5 34. Rf7 Bf4 1/2-1/2

[Event "4NCL/Div2/SWD2 vs. WWKS"]
[Site "Telford ENG"]
[Date "2003.04.13"]
[Round "8.6"]
[White "Baruch, Andrew JD"]
[Black "Sully, David"]
[Result "1/2-1/2"]
[WhiteElo "2072"]
[BlackElo "2064"]
[PlyCount "68"]
[EventDate "2003.04.13"]

1. e4 e5 2. Nf3 Nf6 3. Nxe5 d6 4. Nf3 Nxe4 5. Nc3 Nxc3 6. dxc3 Be7 7. Bf4 Nd7
8. Qd2 O-O 9. h4 Nc5 10. Bd3 Bf6 11. Ng5 Re8+ 12. Be3 h6 13. O-O-O Rxe3 14.
Bh7+ Kf8 15. Qxe3 hxg5 16. hxg5 Bxg5 17. f4 Bf6 18. g4 g6 19. g5 Qe7 20. Qf3
Bg7 21. Rde1 Be6 22. Re3 Qd7 23. b4 Bf5 24. bxc5 Qa4 25. Rh2 dxc5 26. Qd5 Qa3+
27. Kd2 Be6 28. Rxe6 fxe6 29. Qb3 Rd8+ 30. Ke3 Qc1+ 31. Kf3 Qf1+ 32. Kg3 Qe1+
33. Kf3 Rd1 34. Qc4 Qf1+ 1/2-1/2

[Event "4NCL/Div2/SWD2 vs. WWKS"]
[Site "Telford ENG"]
[Date "2003.04.13"]
[Round "8.7"]
[White "Cast, Jason"]
[Black "Hunt, Malcolm A"]
[Result "0-1"]
[WhiteElo "1840"]
[BlackElo "1960"]
[PlyCount "102"]
[EventDate "2003.04.13"]

1. e4 e5 2. Nf3 Nc6 3. Bb5 Nf6 4. O-O Nxe4 5. Re1 Nd6 6. Nxe5 Be7 7. Bxc6 dxc6
8. Qe2 Be6 9. Nc3 Nf5 10. d3 Nd4 11. Qd1 O-O 12. Ne4 f6 13. Nf3 Bg4 14. Ned2
Re8 15. c3 Nxf3+ 16. Nxf3 Qd5 17. Qb3 Bxf3 18. gxf3 Bd6 19. Be3 Qxb3 20. axb3
a6 21. f4 Re6 22. Kg2 Rae8 23. Kf3 f5 24. Bd2 Rxe1 25. Rxe1 Rxe1 26. Bxe1 Kf7
27. Bd2 Ke6 28. Be3 c5 29. d4 cxd4 30. Bxd4 g6 31. h3 b5 32. c4 c6 33. Ke3 c5
34. Bc3 b4 35. Bd2 Be7 36. Kf3 Bf6 37. Bc1 Kd6 38. Ke2 Bd4 39. Kf3 a5 40. Ke2
h6 41. f3 Ke6 42. Kd3 Kf6 43. Be3 Bxe3 44. Kxe3 g5 45. h4 Kg6 46. fxg5 hxg5 47.
hxg5 Kxg5 48. Ke2 Kh4 49. Kf2 Kh3 50. Ke2 Kg2 51. Ke3 Kg3 0-1